| 000 | 00722nam a22001935i 4500 | ||
|---|---|---|---|
| 001 | 169400 | ||
| 003 | ES-MaACL | ||
| 005 | 20230906214100.0 | ||
| 008 | 080908s2006 sp |||| | spa d | ||
| 080 | _a012 Ríos Urruti, Fernando de los | ||
| 100 | 1 |
_aRuiz Manjón, Octavio. _9100860 |
|
| 245 | 1 | 0 |
_aPara una edición más completa de las Obras completas de Fernando de los Ríos / _cOctavio Ruiz-Manjón. |
| 260 |
_aMadrid : _b[s.n.], _c2006. |
||
| 300 |
_aP. 345-357 ; _c24 cm. |
||
| 595 | _aSeparata de: Cuadernos de Historia Contemporánea, 2006, vol. 28. | ||
| 600 | 1 | 7 |
_aRíos, Fernando de los, _d1879-1949- _vBibliografías _2 _9138494 |
| 852 |
_aES-MaACL _j2234-F-24 _9R.143886 |
||
| 999 |
_c169400 _d169400 |
||